000 00450nam a2200145 4500
999 _c5729
_d5729
008 161116b xxu||||| |||| 00| 0 eng d
082 _aDPer 910.5 T69 Jan-Aug 2015 v.1-4
100 _917552
_aAñonuevo, Klara Iskra
245 _aCelebrate life/
_cKlara Iskra Añonuevo.
260 _aPhilippines:
_bOne Mega Group,
_c©Jan-Aug 2015.
300 _av1: page 14;
_c28 cm.
500 _aTravel Now.
650 0 _917553
_aAmusement parks
942 _2ddc
_cPER